000 00410cam a22001331i 4500
082 _a330.02462
_bBUR
_cD
100 1 _aSaunders, Norman Frank Tilbury.
_937849
245 1 0 _aFactory organization and management /
_cBURNHAM T.H.
260 _aLondon :
_bPitman,
_c1957.
300 _aXIii, 394 p. :
_c23 cm.
526 _a0
_b0
_c0
_d330_024620000000000_BUR
650 0 _aFactory management.
_937850
942 _2ddc
_cBK
999 _c542610
_d542610